<?xml version="1.0" encoding="UTF-8"?>
<record
    xmlns:xsi="http://www.w3.org/2001/XMLSchema-instance"
    xsi:schemaLocation="http://www.loc.gov/MARC21/slim http://www.loc.gov/standards/marcxml/schema/MARC21slim.xsd"
    xmlns="http://www.loc.gov/MARC21/slim">

  <leader>01516nam0a2200277   4500</leader>
  <controlfield tag="001">RU\NLR\BIBL_A\022129023</controlfield>
  <controlfield tag="005">20250625132558.0</controlfield>
  <datafield tag="010" ind1=" " ind2=" ">
    <subfield code="9">1500</subfield>
  </datafield>
  <datafield tag="035" ind1=" " ind2=" ">
    <subfield code="a">(NLR Aleph) 022129023</subfield>
  </datafield>
  <datafield tag="090" ind1=" " ind2=" ">
    <subfield code="a">13319809</subfield>
    <subfield code="c">13319809</subfield>
  </datafield>
  <datafield tag="100" ind1=" " ind2=" ">
    <subfield code="a">20240206d1989    |||y0rusy50      ca</subfield>
  </datafield>
  <datafield tag="101" ind1="0" ind2=" ">
    <subfield code="a">dar</subfield>
  </datafield>
  <datafield tag="102" ind1=" " ind2=" ">
    <subfield code="a">RU</subfield>
  </datafield>
  <datafield tag="105" ind1=" " ind2=" ">
    <subfield code="a">y   z   000 y</subfield>
  </datafield>
  <datafield tag="181" ind1=" " ind2="0">
    <subfield code="a">i </subfield>
    <subfield code="b">axxe  </subfield>
  </datafield>
  <datafield tag="182" ind1=" " ind2="0">
    <subfield code="a">n</subfield>
  </datafield>
  <datafield tag="200" ind1="1" ind2=" ">
    <subfield code="a">&#x414;&#x430;&#x433;&#x44A;&#x438;&#x441;&#x442;&#x430; &#x410;&#x432;&#x442;&#x43E;&#x43D;&#x43E;&#x43C;&#x441;&#x438; &#x421;&#x43E;&#x432;&#x435;&#x442; &#x421;&#x43E;&#x446;&#x438;&#x430;&#x43B;&#x438;&#x441;&#x442; &#x420;&#x435;&#x441;&#x43F;&#x443;&#x431;&#x43B;&#x438;&#x43A;&#x430;&#x43B;&#x430; &#x41A;&#x43E;&#x43D;&#x441;&#x442;&#x438;&#x442;&#x443;&#x446;&#x438;&#x44F; (&#x445;&#x44C;&#x443;&#x43B;&#x447;&#x438;&#x43B;&#x438;&#x431;&#x438;&#x443;&#x431;&#x441;&#x438; &#x437;&#x430;&#x43A;&#x43E;&#x43D;)</subfield>
    <subfield code="e">1989 &#x438;&#x431;&#x438;&#x43B; &#x434;&#x443;&#x441;&#x43B;&#x430; &#x43D;&#x43E;&#x44F;&#x431;&#x440;&#x44C;&#x43B;&#x430; 3-&#x43B;&#x438;&#x447;&#x438;&#x431;&#x430;&#x434;&#x441;&#x438; &#x432;&#x435;&#x446;I&#x43D;&#x443; &#x446;&#x430;&#x440;&#x430;&#x439;&#x43D;&#x430;&#x439;&#x441; &#x431;&#x438;&#x43A;I&#x438;&#x431;&#x441;&#x438; &#x414;&#x410;&#x421;&#x421;&#x420;-&#x43B;&#x430; &#x412;&#x435;&#x440;&#x445;&#x43E;&#x432;&#x43D;&#x44B;&#x439; &#x421;&#x43E;&#x432;&#x435;&#x442;&#x43B;&#x430; &#x432;&#x435;&#x446;I&#x43D;&#x443; &#x43A;I&#x438;&#x440;&#x430; &#x438;&#x431;&#x438;&#x43B; &#x441;&#x435;&#x441;&#x441;&#x438;&#x44F;&#x43B;&#x438;&#x447;&#x438;&#x431; &#x43A;&#x44C;&#x430;&#x431;&#x443;&#x43B;&#x431;&#x430;&#x440;&#x438;&#x431;&#x441;&#x438; &#x417;&#x430;&#x43A;&#x43E;&#x43D; &#x445;I&#x44F;&#x441;&#x438;&#x431;&#x43B;&#x438; &#x43A;&#x430;&#x434;&#x435;&#x440;&#x445;&#x430;&#x445;&#x44A;&#x443;&#x440;&#x442;&#x438; &#x434;&#x430;&#x440;&#x441;&#x434;&#x435;&#x448;&#x443;&#x43D;&#x430;&#x447;&#x438;&#x43B; &#x432;&#x430; &#x446;&#x435;&#x438;&#x43C;&#x446;I&#x430;&#x434;&#x435;&#x448;&#x443;&#x43D;&#x430;&#x447;&#x438;&#x43B;</subfield>
    <subfield code="f">&#x417;. &#x413;&#x430;&#x434;&#x436;&#x438;&#x435;&#x432; &#x43F;&#x435;&#x440;.</subfield>
  </datafield>
  <datafield tag="203" ind1=" " ind2=" ">
    <subfield code="a">&#x422;&#x435;&#x43A;&#x441;&#x442;</subfield>
    <subfield code="b">&#x432;&#x438;&#x437;&#x443;&#x430;&#x43B;&#x44C;&#x43D;&#x44B;&#x439;</subfield>
    <subfield code="c">&#x43D;&#x435;&#x43F;&#x43E;&#x441;&#x440;&#x435;&#x434;&#x441;&#x442;&#x432;&#x435;&#x43D;&#x43D;&#x44B;&#x439;</subfield>
  </datafield>
  <datafield tag="210" ind1=" " ind2=" ">
    <subfield code="a">&#x41C;&#x430;&#x445;&#x430;&#x447;&#x43A;&#x430;&#x43B;&#x430;</subfield>
    <subfield code="c">&#x414;&#x430;&#x433;. &#x43A;&#x43D;. &#x438;&#x437;&#x434;-&#x432;&#x43E;</subfield>
    <subfield code="d">1989</subfield>
  </datafield>
  <datafield tag="215" ind1=" " ind2=" ">
    <subfield code="a">54,[1] &#x441;.</subfield>
    <subfield code="d">20</subfield>
  </datafield>
  <datafield tag="541" ind1="1" ind2=" ">
    <subfield code="a">&#x41A;&#x43E;&#x43D;&#x441;&#x442;&#x438;&#x442;&#x443;&#x446;&#x438;&#x44F; (&#x41E;&#x441;&#x43D;&#x43E;&#x432;&#x43D;&#x43E;&#x439; &#x417;&#x430;&#x43A;&#x43E;&#x43D;) &#x414;&#x410;&#x421;&#x421;&#x420;</subfield>
    <subfield code="e">&#x421; &#x438;&#x437;&#x43C;. &#x438; &#x434;&#x43E;&#x43F;., &#x432;&#x43D;&#x435;&#x441;. &#x417;&#x430;&#x43A;&#x43E;&#x43D;&#x43E;&#x43C; &#x414;&#x410;&#x421;&#x421;&#x420; &#x43D;&#x430; &#x434;&#x432;&#x435;&#x43D;&#x430;&#x434;&#x446;&#x430;&#x442;&#x43E;&#x439; &#x441;&#x435;&#x441;. &#x412;&#x435;&#x440;&#x445;&#x43E;&#x432;&#x43D;&#x43E;&#x433;&#x43E; &#x421;&#x43E;&#x432;&#x435;&#x442;&#x430; &#x414;&#x410;&#x421;&#x421;&#x420; &#x43E;&#x434;&#x438;&#x43D;&#x43D;&#x430;&#x434;&#x446;&#x430;&#x442;&#x43E;&#x433;&#x43E; &#x441;&#x43E;&#x437;&#x44B;&#x432;&#x430; 3 &#x43D;&#x43E;&#x44F;&#x431;. 1989 &#x433;.</subfield>
    <subfield code="z">rus</subfield>
  </datafield>
  <datafield tag="686" ind1="1" ind2=" ">
    <subfield code="a">&#x425;620.526</subfield>
  </datafield>
  <datafield tag="852" ind1=" " ind2=" ">
    <subfield code="a">NLR</subfield>
    <subfield code="b">&#x41E;&#x41D;&#x41B;</subfield>
    <subfield code="j">&#x414;&#x430;&#x440;&#x433;./2-1034</subfield>
  </datafield>
  <datafield tag="942" ind1=" " ind2=" ">
    <subfield code="c">BOOK</subfield>
  </datafield>
  <datafield tag="980" ind1=" " ind2=" ">
    <subfield code="a">NB</subfield>
  </datafield>
  <datafield tag="995" ind1=" " ind2=" ">
    <subfield code="5">2024-02-06</subfield>
    <subfield code="b">NLR01</subfield>
    <subfield code="c">NLR01</subfield>
    <subfield code="e">ONL</subfield>
    <subfield code="f">1-4378642</subfield>
    <subfield code="k">&#x41E;&#x41D;&#x41B; &#x414;&#x430;&#x440;&#x433;./2-1034</subfield>
    <subfield code="o">0</subfield>
    <subfield code="r">BOOK</subfield>
    <subfield code="s">_21034</subfield>
  </datafield>
</record>
